Statistiques concernant Harry Potter: le Diadème de Rowena Serdaigle

Cliquez ici pour prendre le quiz!

Statistiques générales

  • Ce quiz a été pris 105 fois
  • Le résultat moyen est 8 sur 13

Statistiques - réponses

InformationRéponse% Correct
Derniere apparitionHarry Potter et les Reliques de la Mort
100%
1er propriétaireRowena Serdaigle
98%
3e proprietaire (Horcruxe)Voldemort
96%
Première apparitionHarry Potter et le Prince de Sang Mélé
90%
2e proprietaire (Vol)Helena Serdaigle
88%
Endroit où le 3e proprietaire l'a cachéSalle sur Demande
84%
DestructeurVincent Crabbe
69%
Date de destruction2 mai 1998
60%
Méthode de destructionFeudeymon
55%
Date de fabricationEpoque des fondateurs de Poudlard
26%
UtilisationRendre la personne qui le porte plus intelligent
24%
Endroit où le 2e proprietaire l'a cachéForêt en Albanie
14%
InscriptionTout homme enrichit quand abonde l'esprit
1%

Distribution des résultats

Percentile par nombre de réponses

% des personnes avec chaque résultat

Votre développement - résultats

Vous n’avez pas pris ce quiz